Evoluční zdůvodnění rychlé privatizace

Potreba ekonomickej teórie - pomoc pri navrhovaní transformačných procesov vo východoeurópskych štátoch. Evolučná teória - najdôležitejšia úloha transformačnej stratégie - proces reštrukturalizácie a regulácie zdedeného štátneho sektora. Rozdiel medzi inštitúciami a organizáciami. Zotrvačnosť bývalý...

Descrizione completa

Salvato in:
Dettagli Bibliografici
Autore principale: Grosfeld, I.
Natura: Capitolo di libro
Lingua:ceco
Soggetti:
Tags: Aggiungi Tag
Nessun Tag, puoi essere il primo ad aggiungerne!!

MARC

LEADER 00000naa a2200000 4500
001 r016175
005 20221205090719.4
041 0 |a cze 
044 |a CZ 
245 1 0 |a Evoluční zdůvodnění rychlé privatizace  |c I. Grosfeld 
520 |a Potreba ekonomickej teórie - pomoc pri navrhovaní transformačných procesov vo východoeurópskych štátoch. Evolučná teória - najdôležitejšia úloha transformačnej stratégie - proces reštrukturalizácie a regulácie zdedeného štátneho sektora. Rozdiel medzi inštitúciami a organizáciami. Zotrvačnosť bývalých centrálne plánovaných štátnych podnikov. Stimulácia manažérov. Štát - kontrola štátom vlastnených podnikov, zodpovednosť za ich pomalú privatizáciu. Podpora súkromného sektora - vytvorenie právnych a daňových podmienok. 
610 2 0 |a privatizácia 
610 2 0 |a transformácia 
610 2 0 |a reformy hospodárske 
610 2 0 |a teórie ekonomické 
610 2 0 |a východná Európa 
610 2 0 |a stredná Európa 
610 2 0 |a vlastníctvo štátne 
610 2 0 |a vlastníctvo súkromné 
610 2 0 |a trh finančný 
610 2 0 |a bankrot 
610 2 0 |a inštitúcia 
610 2 0 |a organizácia 
610 2 0 |a legislatíva 
610 2 0 |a manažéri 
100 1 |a Grosfeld, I.